When Sophie Gets Angry Really, Really Angry... (Record no. 49131)
| 000 -LEADER | |
|---|---|
| fixed length control field | 00433nam a22001217a 4500 |
| 008 - FIXED-LENGTH DATA ELEMENTS--GENERAL INFORMATION | |
| fixed length control field | 250806b |||||||| |||| 00| 0 eng d |
| 020 ## - INTERNATIONAL STANDARD BOOK NUMBER | |
| International Standard Book Number | 9780439233262 |
| 100 ## - MAIN ENTRY--PERSONAL NAME | |
| Personal name | Molly Bang (Author) |
| 9 (RLIN) | 86475 |
| 245 ## - TITLE STATEMENT | |
| Title | When Sophie Gets Angry Really, Really Angry... |
| 260 ## - PUBLICATION, DISTRIBUTION, ETC. (IMPRINT) | |
| Place of publication, distribution, etc | New York, Toronto, London, Auckland, Sydney, Mexico City, New Delhi and Hong Kong |
| Name of publisher, distributor, etc | Scholastic |
| Date of publication, distribution, etc | 1999 |
| 300 ## - PHYSICAL DESCRIPTION | |
| Extent | 34 pages |
| Other physical details | col. ill. |
| Dimensions | 26 cm x 23.5 cm |
| 942 ## - ADDED ENTRY ELEMENTS (KOHA) | |
| Source of classification or shelving scheme | |
| Withdrawn status | Lost status | Source of classification or shelving scheme | Damaged status | Not for loan | Collection code | Home library | Current library | Date acquired | Total Checkouts | Full call number | Barcode | Date last seen | Price effective from | Koha item type |
|---|---|---|---|---|---|---|---|---|---|---|---|---|---|---|
| Siem Riep | Asian Hope Siem Reap | Asian Hope Siem Reap | 08/06/2025 | EFIC MOL | 209073 | 08/06/2025 | 08/06/2025 | Book |